000 00590nam a2200229Ia 4500
003 OSt
005 20220918175631.0
006 a|||||r|||| 00| 0
007 ta
008 220917b |||||||| |||| 00| 0 eng d
024 _a18,319
037 _cTextual
040 _aARTS
_cARTS
_beng
041 _2eng
_aeng
082 _aO111,1M85:g, K4
100 _aPound Ezra Loomis
_954595
245 0 _aPoet in exile ed by Noel Stock
260 _c1964
650 _aENGLISH LITERATURE
942 _hO111,1M85:g, K4
_cTEXL
_2CC
999 _c158447
_d158447